000 00785nam a2200205 a 4500
008 111020s1993 ||||||||||||||||| || u
020 _a0721628079
050 _aRM 301.12 Hod
100 _aKizior, Robert J
245 1 0 _aNurse's drug handbook
_cBarbara B. Hodgson, Robert J. Kizior, Ruth T. Kingdon
260 _aPhiladelphia, PA
_bW.B. Saunders
_c1993
300 _axiii, 1170p.
350 _a0.00
650 _aDRUGS
650 _aNURSING--HANDBOOKS, MANUALS, ETC
650 _aPHARMACOLOGY--HANDBOOKS, MANUALS, ETC
700 _aKingdon, Ruth T
700 _aHodgson, Barbara B
995 _aMEDICAL LIBRARY OPEN ACCESS
_D0.00
_e900204
_FCBU-SCHOOL OF MEDICINE LIBRARY (Ndola)
_H1
_I0.00
_jRM 301.12 Hod
_M1
_UREFERENCE
_WOct 20, 2011
_y900204
_ZMedical Library Open Access Collection
999 _c32191
_d32191